Psychology in use

সংরক্ষণ করুন:
গ্রন্থ-পঞ্জীর বিবরন
প্রধান লেখক: Gray, J. Stanley
বিন্যাস: গ্রন্থ
ভাষা:Undetermined
প্রকাশিত: New York American Book Company 1941
বিষয়গুলি:
ট্যাগগুলো: ট্যাগ যুক্ত করুন
কোনো ট্যাগ নেই, প্রথমজন হিসাবে ট্যাগ করুন!
Thư viện lưu trữ: Trung tâm Học liệu Trường Đại học Cần Thơ
LEADER 00475nam a2200181Ia 4500
001 CTU_90059
008 210402s9999 xx 000 0 und d
082 |a 150 
082 |b G778 
100 |a Gray, J. Stanley 
245 0 |a Psychology in use 
245 0 |c J. Stanley Gray 
260 |a New York 
260 |b American Book Company 
260 |c 1941 
650 |a Psychology, applied 
904 |i Mai Loan,Hải 
980 |a Trung tâm Học liệu Trường Đại học Cần Thơ